Мальчик из Уржума. Заря взойдет: повести; Для среднего и старшего школьного возраста

Dades bibliogràfiques
Autor principal: Голубева А. Г. Антонина Георгиевна
Sumari:Исключено из фонда НТБ ТПУ
Idioma:rus
Publicat: Новосибирск, Западно-Сибирское книжное издательство, 1969
Col·lecció:Делать жизнь с кого
Format: MixedMaterials Llibre
KOHA link:https://koha.lib.tpu.ru/cgi-bin/koha/opac-detail.pl?biblionumber=136310

MARC

LEADER 00000nam0a2200000 4500
001 136310
005 20231031140412.0
035 |a (RuTPU)RU\TPU\book\147737 
090 |a 136310 
100 |a 20080422d1969 de y0rusy50 ca 
101 0 |a rus 
102 |a RU 
105 |a a z 000zy 
200 1 |a Мальчик из Уржума. Заря взойдет  |e повести  |e Для среднего и старшего школьного возраста  |f А. Г. Голубева 
210 |a Новосибирск  |c Западно-Сибирское книжное издательство  |d 1969 
215 |a 392 с.  |c ил. 
225 1 |a Делать жизнь с кого 
333 |a Исключено из фонда НТБ ТПУ 
700 1 |a Голубева  |b А. Г.  |g Антонина Георгиевна 
801 1 |a RU  |b 63413507  |c 20080422  |g PSBO 
801 2 |a RU  |b 63413507  |c 20210124  |g RCR 
942 |c BK